Metodología de las ciencias sociales / (Record no. 86630)

MARC details
000 -LEADER
campo de control de longitud fija 00792nam a2200241 i 4500
001 - NÚMERO DE CONTROL
campo de control 86630
003 - IDENTIFICADOR DE NÚMERO DE CONTROL
campo de control ES-MaACL
005 - FECHA Y HORA DE LA ÚLTIMA TRANSACCIÓN
campo de control 20250819052225.0
007 - CAMPO FIJO DE DESCRIPCIÓN FÍSICA--INFORMACIÓN GENERAL
campo de control de longitud fija t|
008 - DATOS DE LONGITUD FIJA--INFORMACIÓN GENERAL
campo de control de longitud fija 041214s1946 mx ||||1| spa d
080 ## - NÚMERO DE LA CLASIFICACIÓN DECIMAL UNIVERSAL
Número de la Clasificación Decimal Universal 301.08
100 1# - ENTRADA PRINCIPAL--NOMBRE DE PERSONA
Nombre de persona Kaufmann, Félix.
9 (RLIN) 67650
245 10 - MENCIÓN DEL TÍTULO
Título Metodología de las ciencias sociales /
Mención de responsabilidad, etc. Félix Kaufmann ; versión española de Eugenio Imaz.
250 ## - MENCION DE EDICION
Mención de edición 1ª ed. española.
260 ## - PUBLICACIÓN, DISTRIBUCIÓN, ETC.
Lugar de publicación, distribución, etc. México :
Nombre del editor, distribuidor, etc. Fondo de Cultura Económica,
Fecha de publicación, distribución, etc. 1946 (
Fabricante Gráf. Panamericana)
300 ## - DESCRIPCIÓN FÍSICA
Extensión XI, 428 p. ;
Dimensiones 22 cm.
490 1# - MENCIÓN DE SERIE
Mención de serie Sección de obras de sociología
650 #4 - PUNTO DE ACCESO ADICIONAL DE MATERIA--TÉRMINO DE MATERIA
Término de materia o nombre geográfico como elemento de entrada Ciencias sociales-
Subdivisión general Metodología
9 (RLIN) 10996
700 1# - ENTRADA AGREGADA--NOMBRE PERSONAL
Nombre de persona Imaz, Eugenio.
9 (RLIN) 65203
830 1# - PUNTO DE ACCESO ADICIONAL DE SERIE-TÍTULO UNIFORME
Título uniforme Sección de obras de sociología
9 (RLIN) 179836
852 4# - LOCALIZACIÓN
Ubicación ES-MaACL
Número de control de estantería B-2251
Holdings
Estatus retirado Estado de pérdida Estado de daño No para préstamo Biblioteca de origen Biblioteca actual Ubicación en estantería Fecha de adquisición Fuente de adquisición Total de préstamos Signatura topográfica completa Código de barras Visto por última vez Precio de reemplazo Tipo de ítem Koha
        Biblioteca del Ateneo de Madrid Biblioteca del Ateneo de Madrid Sala Pardo Bazán 17/01/2008     B-2251 1090514 23/02/2023 23/02/2023 Libro impreso